000 00554nam a2200181Ia 4500
008 151018s9999 xx 000 0 und d
082 _bRBASDV61172
_a891.463
100 _aसरोज शिंपाळे
245 _aमुक्ताई
250 _b1
260 _bसंगत प्रकाशन नांदेड
_c2011
300 _a128
600 _aसरोज शिंपाळे
630 _aमुक्ताई
700 _aसरोज शिंपाळे
730 _aमुक्ताई
942 _cBOOK
999 _c1054660
_d1054657